[Event "GER-chT Betriebe 16th"]
[Site "Dresden"]
[Date "2016.11.03"]
[Round "1.1"]
[White "Zerenner, Pascal"]
[Black "Maiwald, Jens Uwe"]
[Result "0-1"]
[WhiteElo "1889"]
[BlackElo "2448"]
[PlyCount "86"]
[EventDate "2016.11.03"]
[EventType "team-swiss"]
[EventRounds "7"]
[EventCountry "GER"]
[SourceTitle "EXT 2020"]
[Source "ChessBase"]
[SourceDate "2019.10.17"]
[SourceVersion "1"]
[SourceVersionDate "2019.10.17"]
[SourceQuality "1"]
[WhiteTeam "Altenberg Europark"]
[BlackTeam "Meissen UKA"]
[WhiteTeamCountry "GER"]
[BlackTeamCountry "GER"]

1. d4 d6 2. Nf3 g6 3. c4 Bg7 4. Nc3 Bg4 5. e3 Nf6 6. h3 Bxf3 7. Qxf3 Nc6 8. Bd2 0-0 9. g4 a6 10. h4 Re8 11. h5 e5 12. hxg6 hxg6 13. d5 e4 14. Qg2 Nb4 15. Rb1 Qe7 16. Kd1 c6 17. g5 Nh7 18. a3 Nd3 19. Bxd3 exd3 20. f4 Rac8 21. Rh3 Nf8 22. Ke1 Nd7 23. Kf2 Nc5 24. Rbh1 Qd7 25. Qh2 Kf8 26. Rh8+ Ke7 27. Rh7 Rh8 28. Qg2 Rxh7 29. Rxh7 Bxc3 30. Bxc3 Qf5 31. Bf6+ Ke8 32. Ke1 Ne4 33. Rh8+ Kd7 34. Rh7 Ke8 35. Rh8+ Kd7 36. Rh7 Rf8 37. dxc6+ bxc6 38. Bd4 c5 39. Bc3 Ke6 40. Ba5 Rb8 41. b4 cxb4 42. axb4 Rc8 43. c5 d2+ 0-1